Introduction à la psychopathologie de l'adulte (notice n° 2083714)
[ vue normale ]
| 000 -LEADER | |
|---|---|
| fixed length control field | 01153cam a2200145 4500500 |
| 005 - DATE AND TIME OF LATEST TRANSACTION | |
| control field | 20260405005431.0 |
| 041 ## - LANGUAGE CODE | |
| Language code of text/sound track or separate title | fre |
| 042 ## - AUTHENTICATION CODE | |
| Authentication code | dc |
| 100 10 - MAIN ENTRY--PERSONAL NAME | |
| Personal name | Pewzner, Évelyne |
| Relator term | author |
| 245 00 - TITLE STATEMENT | |
| Title | Introduction à la psychopathologie de l'adulte |
| 260 ## - PUBLICATION, DISTRIBUTION, ETC. | |
| Name of publisher, distributor, etc. | Armand Colin,<br/> |
| Date of publication, distribution, etc. | 2011.<br/> |
| 520 ## - SUMMARY, ETC. | |
| Summary, etc. | Cet ouvrage étudie les principales manifestations pathologiques que les psychiatres et psychologues rencontrent dans leur pratique. Les exemples cliniques et les textes présentés en font son originalité. Cette 3e édition tient compte des évolutions dans le champ de la thérapeutique (approches psychothérapeutiques nouvelles, médications récentes), mais aussi des évolutions législatives directement liées à l'évolution des idées et des représentations dans la société contemporaine. Evelyne Pewzner, psychiatre et psychothérapeute, est professeur honoraire de psychopathologie et psychologie clinique à l’université de Picardie Jules-Verne. |
| 700 10 - ADDED ENTRY--PERSONAL NAME | |
| Personal name | Pewzner-Apeloig, Évelyne |
| Relator term | author |
| 856 41 - ELECTRONIC LOCATION AND ACCESS | |
| Uniform Resource Identifier | <a href="https://shs.cairn.info/introduction-a-la-psychopathologie-de-l-adulte--9782200271527?lang=fr&redirect-ssocas=7080">https://shs.cairn.info/introduction-a-la-psychopathologie-de-l-adulte--9782200271527?lang=fr&redirect-ssocas=7080</a> |
Pas d'exemplaire disponible.




Réseaux sociaux